Statistics for Crystal Palace most expensive signings

Click here to take the quiz!

General Stats

  • This quiz has been taken 32 times
    (8 since last reset)
  • The average score is 8 of 10

Answer Stats

Signed fromSeasonFee (€)Player% Correct
Queens Park Rangers20/2117.8 millionEberechi Eze
100%
Blackburn Rovers23/2421.1 millionAdam Wharton
86%
Liverpool16/1731.2 millionChristian Benteke
86%
Chelsea21/2223.34 millionMarc Guéhi
86%
Lens22/2322.6 millionCheick Doucouré
71%
Manchester United23/2417.5 millionDean Henderson
71%
Olympique Lyon21/2217.5 millionJoachim Andersen
71%
Liverpool17/1828.2 millionMamadou Sakho
71%
Celtic21/2216.3 millionOdsonne Édouard
71%
Flamengo23/2420 millionMatheus França
57%

Score Distribution

Percentile by Number Answered

Percent of People with Each Score

Your Score History

You have not taken this quiz since the last reset